00665nam a22002057a 4500003000400000005001700004008004100021040000800062041001200070082001000082100003400092245010300126260006200229300003500291504004600326651002100372700002800393942002300421999001500444OSt20251220154412.0251220b |||||||| |||| 00| 0 eng d cDCL aEnglish a959.10 aMaung Maung, cU, d1925-199410aBurma in the Family of Nations /cDr. Maung Maung., by J. H. W. Verzij. Foreword by Chan Tun Aung. aAmsterdam :bInternational Educational Publishing,c1956. axi, 236 pages :bmap ;c20 cm. aIncludes bibliographical notes and index. aMyanmarvHistory0 aChan Tun AungeForeword 2ddccSHORT TERMn0 c2761d2761